000 00509nmm a2200169Ia 4500
008 251105s9999||||xx |||||||||||||||||und||
020 _a9788427717329
041 _aspa
100 _aPérez Serrano, Gloria
245 0 _aAprender a convivir. El conflicto como oportunidad de crecimiento
264 _a[Madrid, España] :
_bNarcea Ediciones,
_c2011
300 _a124 páginas
490 _aEducación hoy
650 _aEducation
856 _uhttps://public.digitaliapublishing.com/a/28919
942 _cCF
999 _c80733
_d80733